000 00648nam a2200241 i 4500
001 bg
100 1 _aCLOUGH, Ray W.
245 1 0 _aDynamics of structures /
_cRay W. Clough, Joseph Penzien.
250 _a2nd ed.
260 _aNew York [i in.] :
_bMcGraw-Hill,
_c1993.
300 _aXXII, 738, [1] s. :
_brys., wykr. ;
_c23 cm.
504 _aIndeks.
650 9 _aKonstrukcje
_xmechanika
_xbadanie
650 9 _aDrgania
_xteoria
700 1 _aPENZIEN, Joseph
020 _a0071132414
040 _cBPK
041 0 _aen
080 _a624.01/.07:534
920 _a0-07-113241-4
942 _cKS
008 s pl f |000 0 pol
999 _c30620
_d30620
856 _uhttp://koha.tu.koszalin.pl/cgi-bin/koha/opac-detail.pl?biblionumber=30620
_yKatalog online BPK